LEADER 02100nam 2200457Ia 450 001 996386518103316 005 20211222072620.0 035 $a(CKB)4940000000083201 035 $a(EEBO)2264173157 035 $a(OCoLC)ocm18570213e 035 $a(OCoLC)18570213 035 $a(EXLCZ)994940000000083201 100 $a19881005d1659 uy | 101 0 $aeng 135 $aurbn#|||a|bb| 200 10$aPseudodoxia epidemica, or, Enquiries into very many received tenents, and commonly presumed truths$b[electronic resource] $ewhereunto is added Religio medici, and A discourse of the sepulchral-urnes lately found in Norfolk : together with The garden of Cyrus, or, The quincuncial lozenge, or, Net-work plantations of the ancients, artificially, naturally, mystically considered : with sundry observations /$fby Thomas Brown .. 205 $aThe last edition, corrected and enlarged by the authour,$btogether vvith some marginal observations, and a table alphabetical at the end. 210 $aLondon $cPrinted for Nath. Ekins ...$d1659 215 $a[12], 326, [14], 64 p., [2] leaves of plates $cill 300 $a"Religio medici, [etc.]" has special t.p. and separate paging, with imprint: Printed for the good of the commonwealth. 300 $aImperfect: print show-through, with loss of print. 300 $aIncludes bibliographical references and index. 300 $aReproduction of original in the Kings College Library, Cambridge University. 330 $aeebo-0074 606 $aErrors, Popular 606 $aLearning and scholarship 606 $aSuperstition 606 $aUrn burial 607 $aNorfolk (England)$xAntiquities 615 0$aErrors, Popular. 615 0$aLearning and scholarship. 615 0$aSuperstition. 615 0$aUrn burial. 700 $aBrowne$b Thomas$cSir,$f1605-1682.$0195293 801 0$bEAI 801 1$bEAI 801 2$bWaOLN 906 $aBOOK 912 $a996386518103316 996 $aPseudodoxia epidemica, or, Enquiries into very many received tenents and commonly presumed truths$92312430 997 $aUNISA